| 000 | 00600nam a2200181Ia 4500 | ||
|---|---|---|---|
| 008 | 090123s9999 xx 000 0 und d | ||
| 082 | _b3235 | ||
| 100 | _aटिळक लक्ष्मीबाई | ||
| 245 | _aस्मृती चित्रे | ||
| 250 | _a1 | ||
| 260 | _bनिर्णय सागर प्रकाशन | ||
| 300 | _a156 | ||
| 600 | _aटिळक लक्ष्मीबाई | ||
| 630 | _aस्मृती चित्रे | ||
| 700 | _aटिळक लक्ष्मीबाई | ||
| 730 | _aस्मृती चित्रे | ||
| 942 | _cBOOK | ||
| 999 |
_c41315 _d41315 |
||